[Event "POL-chT U20 2nd League"]
[Site "Szczyrk"]
[Date "2017.07.27"]
[Round "8.47"]
[White "Dabrowska, Aleksandra"]
[Black "Tkaczyk, Weronika"]
[Result "1/2-1/2"]
[WhiteElo "1398"]
[BlackElo "1605"]
[PlyCount "114"]
[EventDate "2017.07.22"]
[EventType "team-swiss"]
[EventRounds "11"]
[EventCountry "POL"]
[SourceTitle "EXT 2019"]
[Source "ChessBase"]
[SourceDate "2018.10.10"]
[SourceVersion "1"]
[SourceVersionDate "2018.10.10"]
[SourceQuality "1"]

1. c4 e5 2. g3 Nf6 3. Bg2 Bc5 4. e3 d5 5. cxd5 Nxd5 6. Nc3 Nb4 7. a3 Nd3+ 8. Ke2 Bf5 9. Bxb7 Nd7 10. Be4 Bxe4 11. Nxe4 Nxc1+ 12. Rxc1 Bb6 13. Nf3 0-0 14. Re1 Re8 15. Qc2 h6 16. h3 a5 17. g4 Nf8 18. h4 Re6 19. Ng3 Qe8 20. Rh1 Rd8 21. Kf1 Rd5 22. Qe4 Rdd6 23. g5 Qb5+ 24. Kg2 Qxb2 25. Ra1 Qb5 26. gxh6 Rxh6 27. Nf5 Rhg6+ 28. Kh2 Rde6 29. h5 Rgf6 30. Qg4 g6 31. N3h4 e4 32. Rhg1 Kh7 33. hxg6+ fxg6 34. Ng3 Rxf2+ 35. Kh3 Qe5 36. Rgf1 Ref6 37. Rxf2 Rxf2 38. Rf1 Rxf1 39. Nxf1 Bc5 40. Ng3 Bxa3 41. Nxe4 Be7 42. Nf3 Qf5 43. Qxf5 gxf5 44. Nc3 Kg6 45. Kg3 Kf6 46. Nd5+ Kf7 47. Kf4 a4 48. Ne5+ Ke6 49. Nxc7+ Kf6 50. Nd5+ Ke6 51. Nxe7 a3 52. N7c6 Kf6 53. Nd7+ Nxd7 54. Nb4 Nc5 55. Kf3 Nd3 56. Na2 Ke5 57. Ke2 Nc5 1/2-1/2

[Event "Warsaw YMCA Spring-B 184th"]
[Site "Warsaw"]
[Date "2017.06.08"]
[Round "11"]
[White "Tkaczyk, Weronika"]
[Black "Prus, Marek"]
[Result "1-0"]
[WhiteElo "1541"]
[BlackElo "1656"]
[PlyCount "105"]
[EventDate "2017.04.07"]
[EventType "tourn"]
[EventRounds "13"]
[EventCountry "POL"]
[SourceTitle "EXT 2018"]
[Source "ChessBase"]
[SourceDate "2017.10.13"]
[SourceVersion "1"]
[SourceVersionDate "2017.10.13"]
[SourceQuality "1"]

1. Nf3 g6 2. g3 Bg7 3. Bg2 Nf6 4. d4 0-0 5. c4 d6 6. Nc3 Nbd7 7. 0-0 e5 8. Re1 Re8 9. Rb1 exd4 10. Nxd4 Ne5 11. b3 c6 12. Ba3 Qc7 13. Nc2 Rd8 14. Qd2 Ne8 15. Rbd1 f5 16. e4 Nf7 17. exf5 Bxf5 18. Nd4 Qa5 19. Bb2 Bh6 20. Qe2 Ng7 21. Nxf5 Qxf5 22. Ne4 Ne8 23. f4 Bg7 24. Bxg7 Nxg7 25. Rd2 Ne6 26. Bf3 h5 27. Kg2 Re8 28. Qd1 g5 29. Bxh5 Nxf4+ 30. gxf4 Rxe4 31. Bxf7+ Kxf7 32. fxg5 Qxg5+ 33. Kh1 Rxe1+ 34. Qxe1 Qh6 35. Rf2+ Kg8 36. Rg2+ Kh8 37. Qc3+ Kh7 38. Qd3+ Kh8 39. Qc3+ Kh7 40. Rg3 Re8 41. Rh3 Re1+ 42. Kg2 Re2+ 43. Kf1 Re6 44. Rxh6+ Rxh6 45. Qd3+ Kg7 46. Kg2 Rg6+ 47. Kh1 b6 48. Qh3 Kf6 49. Qd7 Ke5 50. Qxc6 Kf4 51. Qd5 Rf6 52. h4 Kg3 53. Qg5+ 1-0

[Event "Warsaw YMCA Spring-B 184th"]
[Site "Warsaw"]
[Date "2017.05.12"]
[Round "7"]
[White "Kozlinski, Marcin"]
[Black "Tkaczyk, Weronika"]
[Result "1-0"]
[WhiteElo "1693"]
[BlackElo "1541"]
[PlyCount "73"]
[EventDate "2017.04.07"]
[EventType "tourn"]
[EventRounds "13"]
[EventCountry "POL"]
[SourceTitle "EXT 2018"]
[Source "ChessBase"]
[SourceDate "2017.10.13"]
[SourceVersion "1"]
[SourceVersionDate "2017.10.13"]
[SourceQuality "1"]

1. d4 Nf6 2. c4 e6 3. Nf3 Bb4+ 4. Bd2 Qe7 5. a3 Bxd2+ 6. Qxd2 Ne4 7. Qc2 f5 8. Nc3 Nxc3 9. Qxc3 d6 10. g3 Nd7 11. Bg2 e5 12. dxe5 dxe5 13. 0-0 e4 14. Nd4 0-0 15. f3 Nf6 16. b4 Bd7 17. b5 a6 18. a4 Qc5 19. e3 Rae8 20. Nb3 Qe7 21. f4 Be6 22. Rfd1 Qf7 23. Rd4 Rd8 24. Rad1 Qe7 25. Nc5 Rxd4 26. exd4 Bc8 27. bxa6 bxa6 28. Bf1 Nd7 29. Nxd7 Bxd7 30. c5 Qf6 31. Qc4+ Kh8 32. d5 Rb8 33. c6 Bc8 34. Qc5 h6 35. d6 cxd6 36. Rxd6 Be6 37. c7 1-0

[Event "Warsaw YMCA Spring-B 184th"]
[Site "Warsaw"]
[Date "2017.04.27"]
[Round "4"]
[White "Tkaczyk, Weronika"]
[Black "Tarka, Aleksandra"]
[Result "1/2-1/2"]
[WhiteElo "1541"]
[BlackElo "1686"]
[PlyCount "70"]
[EventDate "2017.04.07"]
[EventType "tourn"]
[EventRounds "13"]
[EventCountry "POL"]
[SourceTitle "EXT 2018"]
[Source "ChessBase"]
[SourceDate "2017.10.13"]
[SourceVersion "1"]
[SourceVersionDate "2017.10.13"]
[SourceQuality "1"]

1. Nf3 d5 2. g3 e6 3. Bg2 c5 4. 0-0 Nc6 5. d4 cxd4 6. Nxd4 Qb6 7. Nxc6 bxc6 8. e4 Nf6 9. exd5 cxd5 10. c3 Ba6 11. Re1 Bc5 12. Qa4+ Bb5 13. Qf4 Ng4 14. Be3 Nxe3 15. fxe3 Rc8 16. Kh1 Bd3 17. Qf2 a5 18. Qd2 Bg6 19. b3 Bd6 20. Qd4 Qxd4 21. exd4 Bxb1 22. Raxb1 Rxc3 23. Bxd5 Kd7 24. Bc4 Rc2 25. Re2 Rxe2 26. Bxe2 Kc6 27. Bc4 Rd8 28. Rc1 Kb6 29. Kg2 Ba3 30. Rd1 Kc6 31. Kf3 Bc5 32. Ke4 Bb6 33. d5+ exd5+ 34. Bxd5+ Kc5 35. Rc1+ Kb4 1/2-1/2

[Event "Warsaw YMCA Spring-B 184th"]
[Site "Warsaw"]
[Date "2017.04.20"]
[Round "3"]
[White "Matyszkiewicz, Wiktor"]
[Black "Tkaczyk, Weronika"]
[Result "1-0"]
[WhiteElo "1724"]
[BlackElo "1541"]
[PlyCount "91"]
[EventDate "2017.04.07"]
[EventType "tourn"]
[EventRounds "13"]
[EventCountry "POL"]
[SourceTitle "EXT 2018"]
[Source "ChessBase"]
[SourceDate "2017.10.13"]
[SourceVersion "1"]
[SourceVersionDate "2017.10.13"]
[SourceQuality "1"]

1. e4 e5 2. Nf3 Nc6 3. Bb5 a6 4. Ba4 Nf6 5. 0-0 d6 6. Re1 Be7 7. c3 b5 8. Bc2 Na5 9. d4 exd4 10. cxd4 0-0 11. Nbd2 Bg4 12. d5 Nd7 13. h3 Bh5 14. Nf1 Nc4 15. Ng3 Bg6 16. b3 Nce5 17. Nd4 Bg5 18. Kh2 Bxc1 19. Rxc1 Qh4 20. Nh1 Nf6 21. g3 Qh6 22. f4 Ned7 23. Kg2 Nc5 24. f5 Bh5 25. g4 Bxg4 26. hxg4 Rfe8 27. Ng3 Qf4 28. Qf3 Qxg4 29. Qxg4 Nxg4 30. Nc6 Ne5 31. Nxe5 Rxe5 32. b4 Nd7 33. a4 Nb6 34. axb5 axb5 35. Bd3 Rae8 36. Bxb5 R8e7 37. Bc6 f6 38. Kf3 Rf7 39. Ne2 Rf8 40. Nd4 Re7 41. Ne6 Rb8 42. Re2 Nd7 43. Bxd7 Rxd7 44. Rb2 Rb7 45. Rg1 Ra7 46. Rbg2 1-0

[Event "Warsaw YMCA Spring-B 184th"]
[Site "Warsaw"]
[Date "2017.04.13"]
[Round "2"]
[White "Tkaczyk, Weronika"]
[Black "Kalejta, Arkadiusz"]
[Result "1/2-1/2"]
[WhiteElo "1541"]
[BlackElo "1643"]
[PlyCount "54"]
[EventDate "2017.04.07"]
[EventType "tourn"]
[EventRounds "13"]
[EventCountry "POL"]
[SourceTitle "EXT 2018"]
[Source "ChessBase"]
[SourceDate "2017.10.13"]
[SourceVersion "1"]
[SourceVersionDate "2017.10.13"]
[SourceQuality "1"]

1. e4 c5 2. Nf3 Nc6 3. d4 cxd4 4. Nxd4 Nf6 5. Nc3 e5 6. Ndb5 d6 7. Bg5 a6 8. Na3 b5 9. Nd5 Be7 10. Nxe7 Nxe7 11. Bd3 Be6 12. 0-0 0-0 13. c3 d5 14. exd5 Nexd5 15. Qb1 h6 16. Bh4 Nf4 17. Be4 g5 18. Bg3 Nxe4 19. Qxe4 Bd5 20. Qxe5 Re8 21. Qf5 Be4 22. Qg4 f5 23. Qd1 Nd3 24. Qb3+ Bd5 25. Qc2 Be4 26. Qb3+ Bd5 27. Qc2 Be4 1/2-1/2

[Event "Warsaw YMCA Spring-B 184th"]
[Site "Warsaw"]
[Date "2017.04.07"]
[Round "1"]
[White "Szukalski, Antoni"]
[Black "Tkaczyk, Weronika"]
[Result "1/2-1/2"]
[WhiteElo "1734"]
[BlackElo "1541"]
[PlyCount "51"]
[EventDate "2017.04.07"]
[EventType "tourn"]
[EventRounds "13"]
[EventCountry "POL"]
[SourceTitle "EXT 2018"]
[Source "ChessBase"]
[SourceDate "2017.10.13"]
[SourceVersion "1"]
[SourceVersionDate "2017.10.13"]
[SourceQuality "1"]

1. d4 Nf6 2. c4 e6 3. Nc3 Bb4 4. a3 Bxc3+ 5. bxc3 b6 6. Nf3 Bb7 7. e3 Na6 8. Bd3 c5 9. 0-0 0-0 10. Re1 d5 11. Qe2 Nc7 12. a4 Re8 13. Rb1 Qc8 14. Ba3 Na6 15. Ne5 Nb8 16. a5 Qc7 17. Qb2 Nbd7 18. Nxd7 Nxd7 19. dxc5 dxc4 20. Bxc4 Nxc5 21. axb6 axb6 22. Bxc5 Qxc5 23. Qxb6 Qxc4 24. Qxb7 Qxc3 25. Rec1 Qf6 26. g3 1/2-1/2

[Event "Warsaw YMCA Winter-C 181st"]
[Site "Warsaw"]
[Date "2017.03.21"]
[Round "11"]
[White "Tkaczyk, Weronika"]
[Black "Bartczak, Hanna"]
[Result "0-1"]
[WhiteElo "1525"]
[BlackElo "1508"]
[PlyCount "54"]
[EventDate "2017.01.11"]
[EventType "tourn"]
[EventRounds "11"]
[EventCountry "POL"]
[SourceTitle "EXT 2019"]
[Source "ChessBase"]
[SourceDate "2018.10.10"]
[SourceVersion "1"]
[SourceVersionDate "2018.10.10"]
[SourceQuality "1"]

1. e4 e5 2. Nf3 Nc6 3. d4 exd4 4. Bc4 Bb4+ 5. c3 dxc3 6. bxc3 Be7 7. Qd5 Nh6 8. Bxh6 0-0 9. Be3 d6 10. Ng5 Ne5 11. f4 Bxg5 12. fxg5 Be6 13. Qxb7 Nxc4 14. Bc1 Qd7 15. e5 Nxe5 16. 0-0 Rfb8 17. Qe4 Qb5 18. Be3 Bd5 19. Qf5 Qb2 20. Nd2 Qxc3 21. Qf4 Rb4 22. Rfc1 Qa3 23. Bd4 Nd3 24. Qe3 Rxd4 25. Qxd4 Nxc1 26. Qxd5 Qe3+ 27. Kh1 Qe1+ 0-1

[Event "Warsaw YMCA Winter-C 181st"]
[Site "Warsaw"]
[Date "2017.03.07"]
[Round "9"]
[White "Tkaczyk, Weronika"]
[Black "Wangrat, Jan"]
[Result "1-0"]
[WhiteElo "1525"]
[BlackElo "1539"]
[PlyCount "31"]
[EventDate "2017.01.11"]
[EventType "tourn"]
[EventRounds "11"]
[EventCountry "POL"]
[SourceTitle "EXT 2019"]
[Source "ChessBase"]
[SourceDate "2018.10.10"]
[SourceVersion "1"]
[SourceVersionDate "2018.10.10"]
[SourceQuality "1"]

1. Nf3 g6 2. g3 Bg7 3. d4 f5 4. Nc3 Nf6 5. Bg2 0-0 6. 0-0 d6 7. Re1 c6 8. e4 Qc7 9. e5 dxe5 10. Nxe5 Re8 11. Bf4 Qb6 12. Nc4 Qd8 13. d5 Kf8 14. dxc6 Nxc6 15. Nb5 e5 16. Nxe5 1-0

[Event "Warsaw YMCA Winter-C 181st"]
[Site "Warsaw"]
[Date "2017.01.24"]
[Round "3"]
[White "Szumigaj, Marcin"]
[Black "Tkaczyk, Weronika"]
[Result "0-1"]
[WhiteElo "1365"]
[BlackElo "1525"]
[PlyCount "72"]
[EventDate "2017.01.11"]
[EventType "tourn"]
[EventRounds "11"]
[EventCountry "POL"]
[SourceTitle "EXT 2019"]
[Source "ChessBase"]
[SourceDate "2018.10.10"]
[SourceVersion "1"]
[SourceVersionDate "2018.10.10"]
[SourceQuality "1"]

1. d4 Nf6 2. c4 e6 3. Nf3 Bb4+ 4. Bd2 Bxd2+ 5. Nbxd2 d5 6. e3 0-0 7. Qc2 Nbd7 8. Bd3 h6 9. 0-0 c5 10. cxd5 Nxd5 11. a3 cxd4 12. Nxd4 Ne5 13. Be2 Bd7 14. Qe4 Ng6 15. Rac1 Rb8 16. Rfd1 Nf6 17. Qb1 e5 18. Nf5 Ne7 19. Nd6 Ba4 20. b3 Qxd6 21. bxa4 Qxa3 22. Nc4 Qxa4 23. Nxe5 b5 24. Rd4 b4 25. Bc4 Qe8 26. Rcd1 Nc6 27. Nxc6 Qxc6 28. Rc1 Qb6 29. Bb3 Rfd8 30. Rdc4 Nd5 31. Rc6 Qb7 32. Qf5 Nc3 33. Qc5 Ne2+ 34. Kf1 Nxc1 35. Rc7 Nxb3 36. Qe7 Qd5 0-1

[Event "Warsaw YMCA Autumn-C 176th"]
[Site "Warsaw"]
[Date "2016.10.11"]
[Round "4"]
[White "Tkaczyk, Weronika"]
[Black "Mlynarski, Zbigniew"]
[Result "0-1"]
[WhiteElo "1567"]
[BlackElo "1644"]
[PlyCount "82"]
[EventDate "2016.09.20"]
[EventType "tourn"]
[EventRounds "13"]
[EventCountry "POL"]
[SourceTitle "EXT 2019"]
[Source "ChessBase"]
[SourceDate "2018.10.10"]
[SourceVersion "1"]
[SourceVersionDate "2018.10.10"]
[SourceQuality "1"]

1. e4 c5 2. c4 d6 3. Nf3 Nc6 4. d4 cxd4 5. Nxd4 Nf6 6. Nc3 g6 7. Be2 Bg7 8. Be3 0-0 9. h3 Nxd4 10. Bxd4 Qa5 11. 0-0 Be6 12. Rb1 Rfc8 13. b4 Qg5 14. f4 Qh4 15. Nd5 Nxd5 16. exd5 Bf5 17. Rb3 Bc2 18. Qxc2 Bxd4+ 19. Kh2 b5 20. Qe4 bxc4 21. Rbb1 Qf6 22. Rfd1 Bb2 23. Bxc4 Rab8 24. Ba6 Rc7 25. Rd3 Rb6 26. Rb3 Bc1 27. Be2 Bxf4+ 28. g3 Be5 29. a4 h5 30. Rf1 Qg5 31. Qf3 f5 32. Kg2 Rc2 33. Qd3 Rd2 34. Qc4 h4 35. g4 Rd4 36. Qc8+ Kg7 37. Kh1 Rbxb4 38. Rbf3 Rb2 39. R3f2 Qe3 40. gxf5 Rxe2 41. f6+ Bxf6 0-1

[Event "POL-chT U19 2nd League"]
[Site "Iwonicz"]
[Date "2016.07.31"]
[Round "2.47"]
[White "Dabrowska, Aleksandra"]
[Black "Tkaczyk, Weronika"]
[Result "1-0"]
[WhiteElo "1371"]
[BlackElo "1570"]
[PlyCount "83"]
[EventDate "2016.07.23"]
[EventType "team-swiss"]
[EventRounds "11"]
[EventCountry "POL"]
[SourceTitle "EXT 2019"]
[Source "ChessBase"]
[SourceDate "2018.10.10"]
[SourceVersion "1"]
[SourceVersionDate "2018.10.10"]
[SourceQuality "1"]
[WhiteTeam "Zielonka Zieloni U20"]
[BlackTeam "Warszawa UKS Czternastka U19"]
[WhiteTeamCountry "POL"]
[BlackTeamCountry "POL"]

1. c4 e5 2. e4 Nf6 3. d3 Bc5 4. h3 c6 5. Nc3 d5 6. Bg5 Qb6 7. Qc2 dxc4 8. dxc4 Be6 9. Nf3 Nbd7 10. Na4 Bb4+ 11. Bd2 Bxd2+ 12. Nxd2 Qc7 13. Be2 c5 14. Nc3 Nb8 15. Nd5 Nxd5 16. cxd5 Bd7 17. b4 b6 18. Rc1 0-0 19. bxc5 bxc5 20. Qxc5 Qb6 21. Qc3 Re8 22. Rb1 Qd6 23. Qg3 Na6 24. 0-0 Nc5 25. Rfe1 Ba4 26. Nc4 Qf6 27. Bd3 Nxd3 28. Qxd3 a6 29. Nb6 Bb5 30. Rxb5 axb5 31. Nxa8 Rxa8 32. Qxb5 h6 33. a4 Rc8 34. a5 Rc2 35. Rf1 Qf4 36. Qd3 Rd2 37. Qc4 Rd4 38. Qc8+ Kh7 39. a6 Ra4 40. d6 Qxe4 41. d7 Rc4 42. d8Q 1-0

[Event "POL-chT U19 2nd League"]
[Site "Iwonicz"]
[Date "2016.07.31"]
[Round "6.11"]
[White "Tkaczyk, Weronika"]
[Black "Kucharska, Honorata"]
[Result "1/2-1/2"]
[WhiteElo "1570"]
[BlackElo "1855"]
[PlyCount "61"]
[EventDate "2016.07.23"]
[EventType "team-swiss"]
[EventRounds "11"]
[EventCountry "POL"]
[SourceTitle "EXT 2019"]
[Source "ChessBase"]
[SourceDate "2018.10.10"]
[SourceVersion "1"]
[SourceVersionDate "2018.10.10"]
[SourceQuality "1"]
[WhiteTeam "Warszawa UKS Czternastka U19"]
[BlackTeam "Rybnik MKSz U19 II"]
[WhiteTeamCountry "POL"]
[BlackTeamCountry "POL"]

1. e4 d6 2. d4 Nf6 3. Nc3 e5 4. dxe5 dxe5 5. Qxd8+ Kxd8 6. Bc4 Be6 7. Bxe6 fxe6 8. Nf3 Bd6 9. Bg5 Ke7 10. Nb5 Nbd7 11. 0-0-0 a6 12. Nxd6 cxd6 13. Rd2 Nc5 14. Re1 Rac8 15. b3 Rc6 16. Kb2 b5 17. a3 a5 18. Ng1 h6 19. Bxf6+ gxf6 20. f3 Ra8 21. Ne2 b4 22. a4 Nd7 23. c3 Rb8 24. Rc1 Nc5 25. c4 Nd7 26. Rcd1 Nb6 27. Rc1 Rbc8 28. Rcd1 R8c7 29. f4 Nd7 30. fxe5 Nxe5 31. Nd4 1/2-1/2

[Event "POL-chT U19 2nd League"]
[Site "Iwonicz"]
[Date "2016.07.31"]
[Round "1.17"]
[White "Tkaczyk, Weronika"]
[Black "Parol, Pola"]
[Result "1/2-1/2"]
[WhiteElo "1570"]
[BlackElo "1817"]
[PlyCount "101"]
[EventDate "2016.07.23"]
[EventType "team-swiss"]
[EventRounds "11"]
[EventCountry "POL"]
[SourceTitle "EXT 2019"]
[Source "ChessBase"]
[SourceDate "2018.10.10"]
[SourceVersion "1"]
[SourceVersionDate "2018.10.10"]
[SourceQuality "1"]
[WhiteTeam "Warszawa UKS Czternastka U19"]
[BlackTeam "Minsk Mazowiecki MTSz U19"]
[WhiteTeamCountry "POL"]
[BlackTeamCountry "POL"]

1. e4 d6 2. Nf3 Nf6 3. Nc3 g6 4. d4 Bg7 5. h3 0-0 6. Be3 c6 7. Bd3 b5 8. a4 b4 9. Ne2 Nbd7 10. Qd2 c5 11. c3 Bb7 12. Ng3 c4 13. Bxc4 bxc3 14. bxc3 Nxe4 15. Nxe4 Bxe4 16. Nh4 e5 17. Nf3 exd4 18. Bxd4 Re8 19. 0-0 Bxf3 20. gxf3 Ne5 21. Bd5 Rc8 22. Kh2 Qh4 23. Rg1 Qh5 24. Rg3 Ng4+ 25. fxg4 Qxd5 26. Rd1 Qb3 27. Bxg7 Kxg7 28. Qd4+ Kg8 29. Rf3 Rf8 30. Qxd6 Qxa4 31. Rd4 Qc2 32. Rdd3 Rb8 33. Rd2 Qb3 34. Qf4 Rbc8 35. Qb4 Qe6 36. Rd6 Qe1 37. Qd4 Rb8 38. Qd1 Qe5+ 39. Kg2 Rb2 40. Rd8 Qe7 41. Rd7 Qe4 42. Rxa7 Rb1 43. Qd2 Qc4 44. Qd3 Qb3 45. Rd7 Qb2 46. Rd8 Qc1 47. Rxf8+ Kxf8 48. Qd8+ Kg7 49. Qf6+ Kh6 50. Kg3 Qg1+ 51. Kh4 1/2-1/2

[Event "Warsaw YMCA Spring-D 170th"]
[Site "Warsaw"]
[Date "2016.04.19"]
[Round "3"]
[White "Tkaczyk, Weronika"]
[Black "Kaluzynski, Waldemar"]
[Result "0-1"]
[WhiteElo "1381"]
[BlackElo "1566"]
[PlyCount "130"]
[EventDate "2016.04.05"]
[EventType "tourn"]
[EventRounds "13"]
[EventCountry "POL"]
[SourceTitle "EXT 2019"]
[Source "ChessBase"]
[SourceDate "2018.10.10"]
[SourceVersion "1"]
[SourceVersionDate "2018.10.10"]
[SourceQuality "1"]

1. e4 d6 2. d4 e5 3. dxe5 dxe5 4. Qxd8+ Kxd8 5. Bc4 Be6 6. Bxe6 fxe6 7. Nf3 Nd7 8. Ke2 Bd6 9. Nc3 Ngf6 10. Bg5 a6 11. Nd2 Ke7 12. Nc4 h6 13. Nxd6 cxd6 14. Be3 Rac8 15. f3 Rc6 16. Rhd1 Nh5 17. g3 b5 18. Rd2 b4 19. Na4 Rhc8 20. c3 a5 21. Rc1 Nhf6 22. Rdc2 Ne8 23. b3 d5 24. c4 dxe4 25. fxe4 Nd6 26. Kd3 Nf6 27. Bb6 Ra8 28. Re1 Ra6 29. Rce2 Nb7 30. Bg1 Ra8 31. Kc2 Rd8 32. Ra1 Ke8 33. a3 Rcd6 34. axb4 Nxe4 35. Be3 axb4 36. Nb2 Nc3 37. Rd2 Rxd2+ 38. Bxd2 Nc5 39. Re1 N5e4 40. Bxc3 Nxc3 41. Rxe5 Ke7 42. Nd3 Kf6 43. Re3 Na2 44. Nf4 Rd6 45. Nd3 Kf5 46. Re5+ Kf6 47. Ra5 Nc3 48. Nxb4 Ne4 49. Nd3 g5 50. Re5 Rxd3 51. Rxe4 Rd8 52. b4 Kf5 53. Re2 e5 54. c5 e4 55. Rd2 Rb8 56. Kc3 e3 57. Rd7 Re8 58. Rd1 Ke4 59. c6 e2 60. Rc1 Ke3 61. c7 Rc8 62. Kb2 Kf2 63. b5 Rxc7 64. Rxc7 e1Q 65. Rf7+ Kg2 0-1

[Event "POL-chT U19 2nd League"]
[Site "Iwonicz"]
[Date "2015.08.01"]
[Round "1.35"]
[White "Hryn, Zofia"]
[Black "Tkaczyk, Weronika"]
[Result "1-0"]
[WhiteElo "1336"]
[BlackElo "1521"]
[PlyCount "121"]
[EventDate "2015.07.25"]
[EventType "team-swiss"]
[EventRounds "11"]
[EventCountry "POL"]
[SourceTitle "EXT 2019"]
[Source "ChessBase"]
[SourceDate "2018.10.10"]
[SourceVersion "1"]
[SourceVersionDate "2018.10.10"]
[SourceQuality "1"]
[WhiteTeam "Gliwice Akademia Szachowa U19"]
[BlackTeam "Warszawa UKS Czternastka U19"]
[WhiteTeamCountry "POL"]
[BlackTeamCountry "POL"]

1. e4 e5 2. Nf3 Nc6 3. Bb5 a6 4. Ba4 d6 5. 0-0 Nf6 6. Re1 b5 7. Bb3 Na5 8. Bd5 c6 9. Bb3 Nxb3 10. axb3 h6 11. d4 Bg4 12. dxe5 Bxf3 13. Qxf3 dxe5 14. Nc3 Bc5 15. Be3 Bxe3 16. Qxe3 0-0 17. Qc5 Qc7 18. Nd5 Nxd5 19. exd5 Rfc8 20. d6 Qd7 21. Qxe5 Re8 22. Qc5 Rad8 23. Rxe8+ Qxe8 24. h3 Qe6 25. Rd1 Qe2 26. Rd3 Qe4 27. d7 f6 28. Qb6 Qe7 29. Qxc6 Qe1+ 30. Kh2 Qe5+ 31. g3 Qf5 32. Qd5+ Qxd5 33. Rxd5 Kf7 34. Rd6 Ke7 35. Rxa6 Rxd7 36. Rc6 Rd2 37. Kg2 g5 38. Kf3 Rd1 39. Rc5 Rb1 40. Rxb5 Rxb2 41. c4 Ke6 42. b4 h5 43. Rb6+ Ke5 44. c5 Rb3+ 45. Kg2 Rb2 46. b5 Rb3 47. c6 Kd6 48. Rb7 Rc3 49. c7 Rxc7 50. Rxc7 Kxc7 51. g4 hxg4 52. hxg4 Kb6 53. Kf3 Kxb5 54. Ke4 Kc5 55. Kf5 Kd6 56. Kxf6 Kd7 57. Kxg5 Ke7 58. f4 Kf7 59. Kh6 Kg8 60. g5 Kh8 61. f5 1-0

[Event "POL-chT U19 2nd League"]
[Site "Iwonicz"]
[Date "2015.08.01"]
[Round "6.23"]
[White "Tkaczyk, Weronika"]
[Black "Kordela, Monika"]
[Result "0-1"]
[WhiteElo "1521"]
[BlackElo "1593"]
[PlyCount "122"]
[EventDate "2015.07.25"]
[EventType "team-swiss"]
[EventRounds "11"]
[EventCountry "POL"]
[SourceTitle "EXT 2019"]
[Source "ChessBase"]
[SourceDate "2018.10.10"]
[SourceVersion "1"]
[SourceVersionDate "2018.10.10"]
[SourceQuality "1"]
[WhiteTeam "Warszawa UKS Czternastka U19"]
[BlackTeam "Jastrzebie Zdroj Pionier U19"]
[WhiteTeamCountry "POL"]
[BlackTeamCountry "POL"]

1. e4 c5 2. c4 d6 3. Nf3 Nf6 4. Nc3 Nc6 5. d4 cxd4 6. Nxd4 g6 7. Be3 Bg7 8. f3 0-0 9. Qd2 Bd7 10. Be2 Rc8 11. b3 Ne5 12. Rc1 Re8 13. 0-0 a6 14. Nd5 h5 15. Nc2 Nxd5 16. cxd5 Kh7 17. h3 f6 18. f4 Nf7 19. Nd4 Rxc1 20. Rxc1 Nh6 21. Rf1 f5 22. exf5 Nxf5 23. Ne6 Bxe6 24. dxe6 Qc8 25. g4 hxg4 26. hxg4 Ng3 27. Rf2 Nxe2+ 28. Qxe2 Qxe6 29. Qf3 d5 30. f5 gxf5 31. gxf5 Qf7 32. Rd2 Rd8 33. Bb6 Rd7 34. Qh3+ Kg8 35. f6 exf6 36. Rh2 Qg6+ 37. Rg2 Qb1+ 38. Kh2 Qh7 39. Qxh7+ Kxh7 40. Kg3 Kg8 41. Kf4 Kf7 42. Kf5 d4 43. Rd2 d3 44. Ke4 Ke6 45. Rxd3 f5+ 46. Ke3 Rxd3+ 47. Kxd3 Kd5 48. b4 Be5 49. a4 f4 50. Bf2 f3 51. b5 axb5 52. axb5 Bd6 53. Ke3 Bc5+ 54. Kxf3 Bxf2 55. Kxf2 Kc5 56. Ke3 Kxb5 57. Kd3 Kb4 58. Kd2 Kb3 59. Kc1 b5 60. Kb1 b4 61. Ka1 Kc2 0-1

[Event "Warsaw YMCA Winter 148th"]
[Site "Warsaw"]
[Date "2015.03.12"]
[Round "9"]
[White "Gajewski, Wojciech"]
[Black "Tkaczyk, Weronika"]
[Result "1-0"]
[WhiteElo "1526"]
[BlackElo "1464"]
[PlyCount "85"]
[EventDate "2015.01.07"]
[EventType "tourn"]
[EventRounds "13"]
[EventCountry "POL"]
[SourceTitle "EXT 2019"]
[Source "ChessBase"]
[SourceDate "2018.10.10"]
[SourceVersion "1"]
[SourceVersionDate "2018.10.10"]
[SourceQuality "1"]

1. d4 Nf6 2. c4 g6 3. Nc3 Bg7 4. e4 d6 5. Nf3 0-0 6. h3 Nbd7 7. Be3 c5 8. d5 Nb6 9. Bd3 e6 10. 0-0 exd5 11. exd5 Nfd7 12. Bf4 Ne5 13. Nxe5 dxe5 14. Be3 Qe7 15. Ne4 f5 16. Bxc5 Qh4 17. Bxf8 Bxf8 18. Nd2 f4 19. Qf3 g5 20. Rae1 Bg7 21. b4 g4 22. hxg4 Bxg4 23. Qe4 Nd7 24. Nf3 Qh5 25. Nh2 Nf8 26. Be2 Bxe2 27. Rxe2 Ng6 28. Nf3 Qg4 29. d6 h5 30. Nh2 Qg5 31. Qxb7 Rf8 32. d7 Nh4 33. f3 Nf5 34. Rd1 Kh8 35. Qc8 Rd8 36. Nf1 Nh4 37. Qc6 Nf5 38. Qd5 Qg6 39. Rxe5 Bxe5 40. Qxe5+ Kh7 41. Qxf4 Qe6 42. Rd5 Kg6 43. g4 1-0

[Event "Warsaw YMCA Winter 148th"]
[Site "Warsaw"]
[Date "2015.02.10"]
[Round "6"]
[White "Markiewicz, Michal"]
[Black "Tkaczyk, Weronika"]
[Result "1/2-1/2"]
[WhiteElo "1546"]
[BlackElo "1464"]
[PlyCount "86"]
[EventDate "2015.01.07"]
[EventType "tourn"]
[EventRounds "13"]
[EventCountry "POL"]
[SourceTitle "EXT 2019"]
[Source "ChessBase"]
[SourceDate "2018.10.10"]
[SourceVersion "1"]
[SourceVersionDate "2018.10.10"]
[SourceQuality "1"]

1. c4 Nf6 2. Nc3 g6 3. Nf3 Bg7 4. g3 0-0 5. Bg2 d6 6. 0-0 e5 7. d3 Be6 8. Ng5 c6 9. Nxe6 fxe6 10. Rb1 Nbd7 11. b3 d5 12. Ba3 Rf7 13. e3 d4 14. Ne4 Nxe4 15. Bxe4 Nf6 16. Bg2 dxe3 17. fxe3 Rd7 18. Bh3 Rxd3 19. Bxe6+ Kh8 20. Qf3 Qb6 21. Rbe1 c5 22. Qe2 Rad8 23. Bd5 e4 24. Qg2 Nxd5 25. cxd5 R3xd5 26. Qxe4 Qa5 27. Bc1 Qxa2 28. Qc4 Qa5 29. Re2 Rd1 30. Ref2 Rxf1+ 31. Rxf1 Qc3 32. Qe6 Qe5 33. Qf7 Qd5 34. Qe7 Rg8 35. Qf7 Qxf7 36. Rxf7 Rb8 37. Rc7 Bf8 38. Ba3 Re8 39. Bxc5 Bxc5 40. Rxc5 Rxe3 41. Rc8+ Kg7 42. Rc7+ Kf6 43. Rxb7 Re7 1/2-1/2